000 00482nam a22001697a 4500
005 20251108164757.0
008 250721s9999 xx 000 0 ara d
082 1 4 _a296/شفي
100 1 _aقصار، شفيق
245 1 0 _aقراءة سياسه للتوراه /
264 1 _aلندن - قبرص :
_bرياض الريس للكتب والنشر،
_c[19-].
300 _a432ص.
650 1 7 _aاليهودية
650 1 7 _aالتوراه
942 _2ddc
_cBK
999 _c14111
_d14111